Poistenie aj kompenzácia

Lekárska posudková činnosť úrazového poistenia zavedená zákonom č. 461/2003 Z. z. Zoznam úrazových dávok. Nárok na úrazovú rentu a úrazový príplatok. Jednorázové vyrovnanie. Pracovná rehabilitácia a rehabilitačné. Rekvalifikácia a rekvalifikačné. Náhrada za bolesť a náhrada za sťaženie spoločenského...

Description complète

Enregistré dans:
Détails bibliographiques
Auteur principal: Krátka, Lucia
Autres auteurs: Moskaľová, Jana
Format: Chapitre de livre
Langue:slovaque
Sujets:
Tags: Ajouter un tag
Pas de tags, Soyez le premier à ajouter un tag!

MARC

LEADER 00000naa$a2200000$$$4500
001 0059985
005 20230925074730.8
041 0 |a slo 
044 |a SK 
245 1 0 |a Poistenie aj kompenzácia  |c Lucia Krátka, Jana Moskaľová 
520 |a Lekárska posudková činnosť úrazového poistenia zavedená zákonom č. 461/2003 Z. z. Zoznam úrazových dávok. Nárok na úrazovú rentu a úrazový príplatok. Jednorázové vyrovnanie. Pracovná rehabilitácia a rehabilitačné. Rekvalifikácia a rekvalifikačné. Náhrada za bolesť a náhrada za sťaženie spoločenského uplatnenia. Náhrada nákladov spojených s liečením. 
610 2 0 |a poistenie úrazové 
610 2 0 |a renta 
610 2 0 |a rehabilitácia pracovná 
610 2 0 |a rekvalifikácia 
610 2 0 |a náklady 
100 1 |a Krátka, Lucia 
700 1 |a Moskaľová, Jana